Statistics for All Countries of the World by Area, with map and as many letter hints as possible

Click here to take the quiz!

General Stats

  • This quiz has been taken 3,814 times
  • The average score is 58 of 196

Answers on the Map

Answers color-coded by a green-red scale on the quiz's map according to % correct below.
 

Answer Stats

AreaCountry% Correct
17.09 mRussia . Ca
100%
9.98 mCanada . Chi
98%
9.64 mChina . United
97%
8.51 mBrazil . Austr
96%
9.52 mUnited States . Br
96%
7.69 mAustralia . Ind
95%
3.16 mIndia . Ar
94%
2.78 mArgentina . K
93%
2.72 mKazakhstan . Al
92%
2.38 mAlgeria . De
91%
2.34 mDemocratic Republic of the Congo . Sa
88%
2.14 mSaudi Arabia . M
85%
1.96 mMexico . I
84%
1.9 mIndonesia . Su
82%
1.64 mIran . Mon
82%
1.75 mLibya . Ira
82%
1.56 mMongolia . P
82%
1.88 mSudan . Lib
82%
1.28 mPeru . Ch
81%
1.24 mAngola . Mal
79%
1.28 mChad . Niger
79%
1.26 mNiger . An
79%
1.24 mMali . South
78%
1.22 mSouth Africa . Co
78%
1.14 mColombia . E
77%
1.09 mBolivia . Maurit
76%
1.1 mEthiopia . Bo
76%
1.03 mMauritania . E
76%
1 mEgypt . Ta
75%
923 kNigeria . V
75%
945 kTanzania . Ni
75%
916 kVenezuela . Pa
75%
825 kNamibia . Mo
74%
881 kPakistan . Na
74%
783 kTurkey . C
74%
756 kChile . Z
73%
801 kMozambique . Turk
73%
752 kZambia . M
72%
676 kMyanmar . A
69%
652 kAfghanistan . F
68%
640 kFrance . So
67%
637 kSomalia . C
67%
622 kCentral African Republic . South
65%
603 kUkraine . Ma
65%
587 kMadagascar . Bo
64%
619 kSouth Sudan . U
64%
582 kBotswana . K
63%
580 kKenya .
63%
505 kSpain . Tu
54%
527 kYemen . T
54%
475 kCameroon . Pa
53%
513 kThailand . S
53%
488 kTurkmenistan . Cam
53%
462 kPapua New Guinea . Sw
50%
450 kSweden . U
50%
447 kUzbekistan . Mo
49%
438 kIraq . Pa
48%
446 kMorocco . Ir
48%
406 kParaguay .
47%
357 kGermany . P
42%
377 kJapan . Ge
41%
390 kZimbabwe . Ja
40%
342 kPhilippines . R
38%
338 kFinland . V
35%
323 kNorway . Co
35%
330 kMalaysia . Nor
34%
342 kRepublic of the Congo . Fi
34%
331 kVietnam . Mala
34%
312 kPoland .
29%
301 kItaly . E
28%
322 kCôte d'Ivoire . Po
27%
309 kOman . I
27%
272 kBurkina Faso . Ne
26%
276 kEcuador . Bur
26%
270 kNew Zealand . Ga
25%
267 kGabon . Guinea
24%
242 kUnited Kingdom . U
24%
245 kGuinea . United
23%
241 kUganda . G
23%
238 kGhana . R
22%
238 kRomania . La
22%
236 kLaos . Gu
21%
207 kBelarus . K
20%
214 kGuyana . Bel
20%
199 kKyrgyzstan . Se
19%
196 kSenegal . S
19%
181 kCambodia . U
18%
185 kSyria . Ca
18%
181 kUruguay . S
18%
163 kSuriname . Tu
16%
163 kTunisia . Ba
16%
147 kBangladesh . Ne
15%
147 kNepal . Ta
15%
131 kGreece . N
14%
130 kNicaragua . N
14%
143 kTajikistan . Gre
14%
117 kEritrea . Be
13%
118 kMalawi . E
13%
120 kNorth Korea . Mal
13%
112 kBenin . H
12%
112 kHonduras . Li
12%
111 kLiberia . Bu
12%
110 kBulgaria . C
11%
109 kCuba . Gu
11%
108 kGuatemala . I
11%
0.44Vatican City
11%
93 kHungary . P
10%
103 kIceland . So
10%
89 kJordan . Se
10%
92 kPortugal . J
10%
88 kSerbia . A
10%
100 kSouth Korea . H
10%
83 kAustria .
9%
86 kAzerbaijan . A
9%
78 kCzech Republic . Pa
8%
2.02Monaco .
8%
83 kUnited Arab Emirates . C
8%
69 kGeorgia . S
7%
70 kIreland . G
7%
64 kLatvia . To
7%
65 kLithuania . L
7%
75 kPanama . Si
7%
71 kSierra Leone . I
7%
65 kSri Lanka . Li
7%
56 kTogo . C
7%
38 kBhutan . T
6%
51 kBosnia and Herzegovina . Co
6%
51 kCosta Rica . Slov
6%
56 kCroatia . B
6%
43 kDenmark . N
6%
48 kDominican Republic . E
6%
45 kEstonia . D
6%
36 kGuinea-Bissau . Mo
6%
41 kNetherlands . Sw
6%
49 kSlovakia . Dominica
6%
41 kSwitzerland . B
6%
36 kTaiwan . G
6%
28 kAlbania . E
5%
29 kArmenia . S
5%
30 kBelgium . Le
5%
27 kBurundi .
5%
28 kEquatorial Guinea . B
5%
30 kLesotho . A
5%
33 kMoldova . Bel
5%
21Nauru .
5%
28 kSolomon Islands . A
5%
22 kBelize . E
4%
23 kDjibouti . B
4%
21 kEl Salvador .
4%
18 kFiji . K
4%
27 kHaiti .
4%
20 kIsrael . S
4%
25 kMacedonia . D
4%
26 kRwanda . Ma
4%
61San Marino .
4%
20 kSlovenia . F
4%
468Andorra .
3%
13 kBahamas . Mon
3%
765Bahrain .
3%
5,765Brunei . T
3%
4,033Cape Verde . Sa
3%
1,862Comoros . Sa
3%
9,251Cyprus . B
3%
14 kEast Timor . Bah
3%
11 kGambia .
3%
10 kJamaica . K
3%
811Kiribati . Ba
3%
10 kKosovo . L
3%
17 kKuwait . S
3%
10 kLebanon . C
3%
160Liechtenstein .
3%
2,586Luxembourg . Ma
3%
2,04Mauritius .
3%
13 kMontenegro . Va
3%
11 kQatar . G
3%
2,842Samoa . L
3%
964São Tomé and Príncipe .
3%
710Singapore .
3%
17 kSwaziland .
3%
747Tonga . S
3%
5,13Trinidad and Tobago . C
3%
26Tuvalu .
3%
12 kVanuatu .
3%
442Antigua and Barbuda .
2%
430Barbados . Saint
2%
751Dominica . T
2%
702Federated States of Micronesia . Saint
2%
344Grenada . Mal
2%
300Maldives . Sa
2%
316Malta . Ma
2%
181Marshall Islands .
2%
459Palau . S
2%
261Saint Kitts and Nevis . M
2%
616Saint Lucia . An
2%
389Saint Vincent and the Grenadines .
2%
452Seychelles .
2%

Score Distribution

Percentile by Number Answered

Percent of People with Each Score

Your Score History

You have not taken this quiz